Most popular baby names in France - Statistics

General Stats
  • This quiz has been taken 72 times
  • The average score is 3 of 10
Answer Stats
Gender Answer % Correct
Girl Emma
74%
Boy Louis
46%
Girl Chloé
35%
Girl Louise
30%
Boy Gabriel
26%
Boy Léo
26%
Boy Lucas
26%
Girl Alice
19%
Girl Jade
19%
Boy Raphaël
11%
No matching quizzes found
Score Distribution
Percent of People with Each Score
Percentile by Number Answered
Your Score History
You have not taken this quiz